|
|
|
|
| LEADER |
02158nam a22004215i 4500 |
| 001 |
978-94-6209-410-9 |
| 003 |
DE-He213 |
| 005 |
20151204190120.0 |
| 007 |
cr nn 008mamaa |
| 008 |
131114s2013 ne | s |||| 0|eng d |
| 020 |
|
|
|a 9789462094109
|9 978-94-6209-410-9
|
| 024 |
7 |
|
|a 10.1007/978-94-6209-410-9
|2 doi
|
| 040 |
|
|
|d GrThAP
|
| 050 |
|
4 |
|a L1-991
|
| 072 |
|
7 |
|a JN
|2 bicssc
|
| 072 |
|
7 |
|a EDU000000
|2 bisacsh
|
| 082 |
0 |
4 |
|a 370
|2 23
|
| 245 |
1 |
0 |
|a Contemporary British Autoethnography
|h [electronic resource] /
|c edited by Nigel P. Short, Lydia Turner, Alec Grant.
|
| 264 |
|
1 |
|a Rotterdam :
|b SensePublishers :
|b Imprint: SensePublishers,
|c 2013.
|
| 300 |
|
|
|a XII, 244 p.
|b online resource.
|
| 336 |
|
|
|a text
|b txt
|2 rdacontent
|
| 337 |
|
|
|a computer
|b c
|2 rdamedia
|
| 338 |
|
|
|a online resource
|b cr
|2 rdacarrier
|
| 347 |
|
|
|a text file
|b PDF
|2 rda
|
| 490 |
1 |
|
|a Studies in Professional Life and Work
|
| 520 |
|
|
|a This engaging, informative book makes an exciting contribution to current discussions about the challenges and uses of contemporary autoethnography. Authors from a range of disciplines ‘show and tell’ us how they have created autoethnographies, demonstrating a rich blend of theories, ethical research practices, and performances of identities and voice, linking all of those with the socio-cultural forces that impact and shape the person. The book will be a useful resource for new and experienced researchers; academics who teach and supervise post-graduate students; and practitioners in social science who are seeking meaningful ways to conduct research. This should be required reading for all qualitative research training.
|
| 650 |
|
0 |
|a Education.
|
| 650 |
1 |
4 |
|a Education.
|
| 650 |
2 |
4 |
|a Education, general.
|
| 700 |
1 |
|
|a Short, Nigel P.
|e editor.
|
| 700 |
1 |
|
|a Turner, Lydia.
|e editor.
|
| 700 |
1 |
|
|a Grant, Alec.
|e editor.
|
| 710 |
2 |
|
|a SpringerLink (Online service)
|
| 773 |
0 |
|
|t Springer eBooks
|
| 830 |
|
0 |
|a Studies in Professional Life and Work
|
| 856 |
4 |
0 |
|u http://dx.doi.org/10.1007/978-94-6209-410-9
|z Full Text via HEAL-Link
|
| 912 |
|
|
|a ZDB-2-SHU
|
| 950 |
|
|
|a Humanities, Social Sciences and Law (Springer-11648)
|